| 000 | 011560000a22002050004500 | ||
|---|---|---|---|
| 041 | 0 | _aSPA | |
| 082 | 0 | 4 | _aG 173.1 B8211c |
| 100 | 1 | _aBrandt, Henry | |
| 245 | 1 | 0 | _aCómo mejorar mi matrimonio / Henry Brandt, Phil Landrum ; Edwin Sipowicz, Versión castellana |
| 260 | _aMiami, FL., USA : Vida | ||
| 300 | _a203 Pag. | ||
| 500 | _aTítulo original : I want my marriage to be better | ||
| 505 | 0 | 0 | _a¿recuerdan qué lindo era todo cuando empezó? -- el rudo despertar -- suben los muros...y el matrimonio se derrumba estrepitosamente -- un cambio de corazón -- el amor es más que una comezón -- el problema más candente del matrimonio: el liderazgo -- cooperación: la primera llave(compañeros... no adversarios) -- sumisión: la segunda llave (el desempate) -- entrega: la tercera llave(el marido como siervo) -- esas cosas de rutina -- sexo... dinero... cambios -- que la iglesia cumpla su misión... y ayude a nuestro matrimonio -- trece reflexiones para matrimonios |
| 650 | 1 | 4 | _aMATRIMONIO |
| 001 | 1299 | ||
| 942 | _cBK | ||
| 999 |
_c32622 _d32622 |
||
| 336 |
_atexto _btxt _2rdacontent |
||
| 337 |
_2rdamedia _asin mediación _bn |
||
| 338 |
_2rdacarrier _avolumen _bnc |
||